| 000 | 00810nam a2200241 i 4500 | ||
|---|---|---|---|
| 001 | 84949 | ||
| 003 | ES-MaACL | ||
| 005 | 20250822042022.0 | ||
| 007 | t| | ||
| 008 | 041124s1968 sp ||||1| spa d | ||
| 080 | _a159.922.8 | ||
| 100 | 1 |
_aJersild, Arthurt. _966349 |
|
| 245 | 1 | 0 |
_aPsicología de la adolescencia / _cArthurt Jersild, Manuel de la Escalera ; revisión técnica, Mª Carmen Muñoz de Cueva. |
| 260 |
_aMadrid : _bAguilar, _c[1968] |
||
| 300 |
_aXV, 415 p. ; _c25 cm. |
||
| 490 | 1 | _aPsicología y educación | |
| 650 | 4 |
_aAdolescentes- _xPsicología. _99649 |
|
| 700 | 0 |
_aEscalera, Manuel de la, _d1895-1994 _947481 |
|
| 700 | 1 |
_aMuñoz de Cueva, María Carmen. _984387 |
|
| 830 | 1 | 0 |
_aPsicología y educación _9180908 |
| 852 |
_aES-MaACL _jC-46077 |
||
| 999 |
_c84949 _d84949 |
||